|
|
|
|
| LEADER |
00000nam0a2200000 4500 |
| 001 |
279227 |
| 005 |
20231101235205.0 |
| 020 |
|
|
|a RU
|b 86-28438
|
| 035 |
|
|
|a (RuTPU)RU\TPU\book\302505
|
| 090 |
|
|
|a 279227
|
| 100 |
|
|
|a 20141217d1986 k y0rusy5003 ca
|
| 101 |
0 |
|
|a rus
|
| 102 |
|
|
|a UA
|
| 105 |
|
|
|a a z 001zy
|
| 200 |
1 |
|
|a Высокопроизводительные инструменты из гексанита-Р
|f Г. Г. Карюк [и др.]
|g Академия наук Украинской ССР (АН УССР), Институт проблем материаловедения им И. Н. Францевича (ИПМ)
|
| 210 |
|
|
|a Киев
|c Наукова думка
|d 1986
|
| 215 |
|
|
|a 136 с.
|c ил.
|
| 320 |
|
|
|a Библиогр.: с. 131-134 (64 назв.)
|
| 606 |
1 |
|
|a Режущие инструменты из нитрида бора
|2 stltpush
|3 (RuTPU)RU\TPU\subj\24451
|9 48797
|
| 610 |
1 |
|
|a сверхтвердые материалы
|
| 610 |
1 |
|
|a конструкции
|
| 610 |
1 |
|
|a алмазная обработка
|
| 610 |
1 |
|
|a рациональное использование
|
| 675 |
|
|
|a 621.9.025.7
|z rus
|v 3
|
| 701 |
|
1 |
|a Карюк
|b Г. Г.
|g Геннадий Гаврилович
|
| 701 |
|
1 |
|a Бочко
|b А. В.
|
| 701 |
|
1 |
|a Мойсеенко
|b О. И.
|
| 701 |
|
1 |
|a Сидоренко
|b В. К.
|
| 712 |
0 |
2 |
|a Академия наук Украинской ССР (АН УССР)
|b Институт проблем материаловедения им И. Н. Францевича (ИПМ)
|c (Киев)
|2 stltpush
|3 (RuTPU)RU\TPU\col\1143
|
| 801 |
|
0 |
|a RU
|b RuMRKP
|c 19960704
|g psbo
|
| 801 |
|
1 |
|a RU
|b 63413507
|c 20141217
|
| 801 |
|
2 |
|a RU
|b 63413507
|c 20180523
|g RCR
|
| 942 |
|
|
|c BK
|